000 00902nam a2200241 a 4500
001 47466
003 BD-RjUL
005 20211209054324.0
008 160808s2000 B a|||| |b|| 00| 0 ben d
020 _a9843110102
_c: TK 150.00
035 _a(BD-RjUL)47585
040 _aBD-RjUL
_bben
_cBD-RjUL
041 _aben
082 _223
_a588.2
_bJAS 2000
100 1 _aজামান, এম
_9144343
245 2 0 _aশৈবাল বিচিত্রা /
_cএম. জামান, এবং সাবরিনা নাজ
260 _aরাজশাহী :
_bসৃজন প্রকাশনী,
_c২০০০
300 _a[৮], ২১৭ পৃ. :
_bচিত্র ;
_c২৩ সেমি.
650 _xশ্রেনীবিভাগ
_9144344
_aশৈবাল
650 _aMoss
_xClassifications
_9144345
700 _aনাজ, সাবরিনা
_9144346
942 _2ddc
_cBK
999 _c47466
_d47466